Thế kỷ XXI nhìn về nhân vật lịch sử Phan Thanh Giản

Sách tập hợp những tham luận của 2 cuộc thảo luận gần đây nhất (1994 và 2003) để ghi nhận một chặng đường nhận thức dài cùng với những biến thiên của lịch sử đất nước.

Gorde:
Xehetasun bibliografikoak
Erakunde egilea: Hội Khoa học Lịch sử Việt Nam
Formatua: Liburua
Hizkuntza:Undetermined
Argitaratua: Đồng Nai Nhà xuất bản Đồng Nai 2006
Gaiak:
Etiketak: Etiketa erantsi
Etiketarik gabe, Izan zaitez lehena erregistro honi etiketa jartzen!
Thư viện lưu trữ: Trung tâm Học liệu Trường Đại học Cần Thơ
LEADER 00993nam a2200229Ia 4500
001 CTU_112395
008 210402s9999 xx 000 0 und d
020 |c 60000 
082 |a 959.7092 
082 |b H452 
110 |a Hội Khoa học Lịch sử Việt Nam 
245 0 |a Thế kỷ XXI nhìn về nhân vật lịch sử Phan Thanh Giản 
245 0 |c Hội Khoa học Lịch sử Việt Nam 
260 |a Đồng Nai 
260 |b Nhà xuất bản Đồng Nai 
260 |c 2006 
520 |a Sách tập hợp những tham luận của 2 cuộc thảo luận gần đây nhất (1994 và 2003) để ghi nhận một chặng đường nhận thức dài cùng với những biến thiên của lịch sử đất nước. 
650 |a Vietnam,Phan Thanh Gian 
650 |x History,Biography 
650 |y 19th century 
904 |i Minh 
980 |a Trung tâm Học liệu Trường Đại học Cần Thơ